Vista normal
Vista MARC
Entrada Materia (personas)
Número de registros utilizados en: 2
001 - CONTROL NUMBER
- control field: 29407
003 - CONTROL NUMBER IDENTIFIER
- control field: Co-BoUCM
005 - DATE AND TIME OF LATEST TRANSACTION
- control field: 20130219145825.0
008 - FIXED-LENGTH DATA ELEMENTS
- fixed length control field: 130219|| aca||aabn | a|a d
040 ## - CATALOGING SOURCE
- Original cataloging agency: Co-BoUCM
- Transcribing agency: Co-BoUCM
100 ## - HEADING--PERSONAL NAME
- Personal name: Hateley, Barbara "BJ"
670 ## - SOURCE DATA FOUND
- Source citation: Work cat.: (Co-BoUCM)41214: Hateley, Barbara "BJ", Un pavo real en el reino de los pingüinos, 1995